[Event "POL-chT 2st League"]
[Site "Mrzezyno"]
[Date "2010.09.06"]
[Round "3.41"]
[White "Botor, Michal"]
[Black "Gawronski, Miroslaw"]
[Result "0-1"]
[WhiteElo "1983"]
[BlackElo "2205"]
[PlyCount "106"]
[EventDate "2010.09.04"]
[EventType "team-swiss"]
[EventRounds "9"]
[EventCountry "POL"]
[SourceTitle "EXT 2019"]
[Source "ChessBase"]
[SourceDate "2018.10.10"]
[SourceVersion "1"]
[SourceVersionDate "2018.10.10"]
[SourceQuality "1"]
[WhiteTeam "Mikolow AKS"]
[BlackTeam "Torun AZS UMK"]
[WhiteTeamCountry "POL"]
[BlackTeamCountry "POL"]

1. e4 c5 2. g3 g6 3. Bg2 Bg7 4. Ne2 Nc6 5. 0-0 e6 6. d3 Nge7 7. Nd2 d5 8. f4 f6 9. Nf3 d4 10. g4 e5 11. fxe5 fxe5 12. h3 h6 13. c3 Be6 14. cxd4 cxd4 15. Bd2 Qb6 16. b4 0-0 17. Qa4 a6 18. Rfb1 Na7 19. Qa5 Qd6 20. b5 axb5 21. a4 Nec6 22. Qb6 bxa4 23. Bb4 Qd7 24. Bxf8 Bxf8 25. Nd2 a3 26. Qxb7 Qxb7 27. Rxb7 Na5 28. Rb6 N7c6 29. Nc1 Bc5 30. Rb5 Bd6 31. Bf1 Ra7 32. Nc4 Nxc4 33. dxc4 Bb4 34. Na2 Bc3 35. Nxc3 dxc3 36. Rb3 c2 37. Bd3 Nd4 38. Rc3 a2 39. Kf2 Rf7+ 40. Ke1 Rf3 41. Kd2 Rxh3 42. Bxc2 Rh2+ 43. Kd3 Nxc2 44. Rxc2 Rxc2 45. Kxc2 Bxc4 46. Rg1 Kg7 47. g5 hxg5 48. Kb2 Kf6 49. Rc1 Be6 50. Rc5 g4 51. Ra5 Bc4 52. Rc5 Bd3 53. Kxa2 Bxe4 0-1

[Event "Rewal op-B 15th"]
[Site "Rewal"]
[Date "2010.08.27"]
[Round "8"]
[White "Botor, Michal"]
[Black "Gorol, Jacek"]
[Result "1/2-1/2"]
[WhiteElo "1983"]
[BlackElo "1692"]
[PlyCount "52"]
[EventDate "2010.08.18"]
[EventType "swiss"]
[EventRounds "9"]
[EventCountry "POL"]
[SourceTitle "EXT 2014"]
[Source "ChessBase"]
[SourceDate "2013.11.20"]
[SourceVersion "1"]
[SourceVersionDate "2013.11.20"]
[SourceQuality "1"]

1. e4 d6 2. d4 g6 3. Nc3 Bg7 4. f4 Nf6 5. Nf3 0-0 6. Bd3 Nc6 7. 0-0 a6 8. a3 Bg4 9. Be3 e5 10. fxe5 dxe5 11. d5 Nd4 12. Ne2 Nxf3+ 13. gxf3 Bh3 14. Rf2 Nh5 15. Kh1 Kh8 16. Ng1 Bd7 17. c4 b6 18. b4 f5 19. Rg2 fxe4 20. fxe4 Nf4 21. Bxf4 exf4 22. Rb1 Qf6 23. Nf3 Qc3 24. Rb3 Qf6 25. e5 Qe7 26. e6 Ba4 1/2-1/2

[Event "Rewal op-B 15th"]
[Site "Rewal"]
[Date "2010.08.27"]
[Round "9"]
[White "Szydlowski, Kazimierz"]
[Black "Botor, Michal"]
[Result "1-0"]
[WhiteElo "1881"]
[BlackElo "1983"]
[PlyCount "47"]
[EventDate "2010.08.18"]
[EventType "swiss"]
[EventRounds "9"]
[EventCountry "POL"]
[SourceTitle "EXT 2014"]
[Source "ChessBase"]
[SourceDate "2013.11.20"]
[SourceVersion "1"]
[SourceVersionDate "2013.11.20"]
[SourceQuality "1"]

1. e4 c5 2. Nf3 e6 3. c4 Nc6 4. d4 cxd4 5. Nxd4 Bc5 6. Nb3 Bb6 7. c5 Bc7 8. Nc3 d6 9. Be3 dxc5 10. Qxd8+ Bxd8 11. Bxc5 a6 12. a4 Be7 13. Be3 Nf6 14. f3 0-0 15. Be2 e5 16. 0-0 Be6 17. Nc5 Bxc5 18. Bxc5 Rfd8 19. Rfd1 Bb3 20. Rxd8+ Rxd8 21. Ra3 Be6 22. b4 Nd7 23. Bd6 Nb6 24. Bc7 1-0

[Event "Rewal op-B 15th"]
[Site "Rewal"]
[Date "2010.08.26"]
[Round "7"]
[White "Janus, Przemyslaw"]
[Black "Botor, Michal"]
[Result "1-0"]
[WhiteElo "2083"]
[BlackElo "1983"]
[PlyCount "63"]
[EventDate "2010.08.18"]
[EventType "swiss"]
[EventRounds "9"]
[EventCountry "POL"]
[SourceTitle "EXT 2014"]
[Source "ChessBase"]
[SourceDate "2013.11.20"]
[SourceVersion "1"]
[SourceVersionDate "2013.11.20"]
[SourceQuality "1"]

1. d4 d5 2. c4 e6 3. Nc3 c6 4. Nf3 Nf6 5. Bg5 Be7 6. e3 0-0 7. Qc2 Nbd7 8. Rd1 b6 9. Bd3 Bb7 10. 0-0 Rc8 11. Qe2 dxc4 12. Bxc4 Nd5 13. Nxd5 Bxg5 14. Nc3 Be7 15. Rd2 Qc7 16. Rfd1 Rfd8 17. a3 b5 18. Bd3 a6 19. b4 a5 20. Rb1 axb4 21. axb4 Ra8 22. Ra2 Nb6 23. Rxa8 Rxa8 24. Qc2 h6 25. Nxb5 Qb8 26. Nc3 Nd7 27. Ne4 Ra3 28. Nc5 Nxc5 29. bxc5 Qa8 30. Ne5 Ba6 31. Bh7+ Kf8 32. Be4 1-0

[Event "Rewal op-B 15th"]
[Site "Rewal"]
[Date "2010.08.24"]
[Round "5"]
[White "Snihur, Piotr"]
[Black "Botor, Michal"]
[Result "1/2-1/2"]
[WhiteElo "1738"]
[BlackElo "1983"]
[PlyCount "75"]
[EventDate "2010.08.18"]
[EventType "swiss"]
[EventRounds "9"]
[EventCountry "POL"]
[SourceTitle "EXT 2014"]
[Source "ChessBase"]
[SourceDate "2013.11.20"]
[SourceVersion "1"]
[SourceVersionDate "2013.11.20"]
[SourceQuality "1"]

1. e4 c5 2. Nf3 e6 3. Nc3 d5 4. exd5 exd5 5. d4 c4 6. Be2 Nf6 7. 0-0 Be7 8. Ne5 0-0 9. Bf4 Bf5 10. Bf3 Nc6 11. Re1 Re8 12. a3 Qa5 13. g4 Be6 14. g5 Nxe5 15. dxe5 Nd7 16. Nxd5 Rad8 17. Nxe7+ Rxe7 18. Qd6 Rde8 19. Qb4 b6 20. Re2 Bf5 21. Rae1 Qxb4 22. axb4 Nf8 23. Be4 Bg6 24. Bxg6 hxg6 25. Kf1 Ne6 26. Be3 Nc7 27. f4 Nd5 28. Bd2 Re6 29. Re4 b5 30. Rd4 Nb6 31. Ra1 Ra8 32. Kf2 Kf8 33. Be3 Ke7 34. Rdd1 Rc6 35. Ra6 Re6 36. Rda1 Nd5 37. Rxe6+ Kxe6 38. Bd4 1/2-1/2

[Event "Rewal op-B 15th"]
[Site "Rewal"]
[Date "2010.08.18"]
[Round "1"]
[White "Bieniek, Kazimierz"]
[Black "Botor, Michal"]
[Result "0-1"]
[WhiteElo "1696"]
[BlackElo "1983"]
[PlyCount "44"]
[EventDate "2010.08.18"]
[EventType "swiss"]
[EventRounds "9"]
[EventCountry "POL"]
[SourceTitle "EXT 2014"]
[Source "ChessBase"]
[SourceDate "2013.11.20"]
[SourceVersion "1"]
[SourceVersionDate "2013.11.20"]
[SourceQuality "1"]

1. e4 c5 2. Nf3 e6 3. Nc3 Nc6 4. Be2 d5 5. exd5 exd5 6. d4 c4 7. 0-0 Nf6 8. Re1 Be7 9. b3 cxb3 10. axb3 0-0 11. Bf4 Bb4 12. Qd3 Bf5 13. Qxf5 Bxc3 14. Rad1 Bxe1 15. Nxe1 Re8 16. Kf1 Re4 17. c3 Ne7 18. Qg5 Ng6 19. Be5 h6 20. Qg3 Nd7 21. Bd3 Ndxe5 22. Bxe4 dxe4 0-1

[Event "Rewal op-B 14th"]
[Site "Rewal"]
[Date "2009.08.20"]
[Round "1"]
[White "Botor, Michal"]
[Black "Jaworowski, Andre"]
[Result "1/2-1/2"]
[WhiteElo "2010"]
[BlackElo "1696"]
[PlyCount "79"]
[EventDate "2009.08.20"]
[EventType "swiss"]
[EventRounds "9"]
[EventCountry "POL"]
[SourceTitle "EXT 2011"]
[Source "ChessBase"]
[SourceDate "2010.11.26"]
[SourceVersion "1"]
[SourceVersionDate "2010.11.26"]
[SourceQuality "1"]

1. e4 c5 2. Nf3 e6 3. d4 cxd4 4. Nxd4 Nc6 5. Nc3 a6 6. Be3 Qc7 7. Be2 Nf6 8. 0-0 b5 9. a3 Bb7 10. f4 Bc5 11. e5 Ng8 12. Bf3 Nge7 13. Ne4 Nxd4 14. Bxd4 Bxd4+ 15. Qxd4 Bxe4 16. Bxe4 Rc8 17. Rfd1 Nc6 18. Qd3 h6 19. c3 0-0 20. a4 b4 21. cxb4 Qb6+ 22. Kh1 Qxb4 23. Rd2 Na5 24. Re1 Nb3 25. Rdd1 Qxa4 26. Qxd7 Qxd7 27. Rxd7 Nc5 28. Rd4 Nxe4 29. Rdxe4 Rc2 30. R4e2 Rfc8 31. g3 Kf8 32. Rxc2 Rxc2 33. Ra1 Rxb2 34. Rxa6 g5 35. Ra4 g4 36. Kg1 Kg7 37. Rd4 Rb1+ 38. Kg2 Rb2+ 39. Kg1 Rb1+ 40. Kg2 1/2-1/2

[Event "Rewal op-B 13th"]
[Site "Rewal"]
[Date "2008.08.23"]
[Round "5"]
[White "Malec, Sebastian"]
[Black "Botor, Michal"]
[Result "0-1"]
[WhiteElo "1798"]
[BlackElo "1948"]
[PlyCount "92"]
[EventDate "2008.08.19"]
[EventType "swiss"]
[EventRounds "9"]
[EventCountry "POL"]
[SourceTitle "CBM 126 Extra"]
[Source "ChessBase"]
[SourceDate "2008.11.05"]
[SourceVersion "1"]
[SourceVersionDate "2008.11.05"]
[SourceQuality "1"]

1. e4 c5 2. Nf3 e6 3. d4 cxd4 4. Nxd4 Bc5 5. Nb3 Bb6 6. Nc3 Ne7 7. Bf4 d5 8. Bd3 d4 9. Nb5 0-0 10. Nd6 Ng6 11. Bg3 e5 12. Nf5 Nc6 13. h4 Bxf5 14. exf5 Nf4 15. 0-0 Nxd3 16. cxd3 Qd7 17. Qf3 f6 18. Bh2 Rac8 19. Qe4 Ne7 20. g4 Rc2 21. f4 exf4 22. Rac1 Nd5 23. Rf2 Rxf2 24. Kxf2 Ne3 25. Bxf4 Re8 26. Qf3 Qb5 27. Bxe3 dxe3+ 28. Ke2 Qe5 29. Kf1 Qxb2 30. Qe2 Qe5 31. Kg2 Qd5+ 32. Kh3 Qd6 33. Rf1 Rd8 34. Nc1 Rc8 35. Nb3 Rc3 36. d4 a5 37. Rd1 Bc7 38. Rg1 a4 39. Nc5 Qxd4 40. Ne6 Qd2 41. Rg2 Be5 42. g5 fxg5 43. Qb5 g4+ 44. Kxg4 Qxg2+ 45. Kh5 Qf3+ 46. Kg5 Bf4+ 0-1

[Event "POL-chT4 Slaskie"]
[Site "Poland"]
[Date "2008.04.13"]
[Round "6.1"]
[White "Botor, Michal"]
[Black "Gola, Karol"]
[Result "0-1"]
[WhiteElo "1896"]
[BlackElo "2154"]
[PlyCount "62"]
[EventDate "2008.02.10"]
[EventType "team-swiss"]
[EventRounds "9"]
[EventCountry "POL"]
[SourceTitle "EXT 2019"]
[Source "ChessBase"]
[SourceDate "2018.10.10"]
[SourceVersion "1"]
[SourceVersionDate "2018.10.10"]
[SourceQuality "1"]

1. e4 c5 2. Nf3 e6 3. d4 cxd4 4. Nxd4 a6 5. Nc3 b5 6. Be3 Bb4 7. Be2 Bb7 8. f3 Qc7 9. 0-0 Nf6 10. Qd2 0-0 11. h4 Rc8 12. Bd3 d5 13. e5 Qxe5 14. a3 Bxc3 15. bxc3 Qc7 16. Bg5 Qxc3 17. Qf2 Nbd7 18. Bd2 Qc7 19. g4 Nc5 20. Be2 e5 21. Nf5 d4 22. h5 Ne6 23. Bd3 Nd5 24. Qh4 Qd8 25. Qg3 Nef4 26. g5 Rxc2 27. g6 fxg6 28. hxg6 h6 29. Bxc2 Ne2+ 30. Kg2 Nxg3 31. Kxg3 Nf4 0-1

[Event "POL-chT4 Slaskie"]
[Site "Poland"]
[Date "2008.02.24"]
[Round "3.1"]
[White "Bitman, Marek"]
[Black "Botor, Michal"]
[Result "1-0"]
[WhiteElo "2051"]
[BlackElo "1896"]
[PlyCount "64"]
[EventDate "2008.02.10"]
[EventType "team-swiss"]
[EventRounds "9"]
[EventCountry "POL"]
[SourceTitle "EXT 2019"]
[Source "ChessBase"]
[SourceDate "2018.10.10"]
[SourceVersion "1"]
[SourceVersionDate "2018.10.10"]
[SourceQuality "1"]

1. Nf3 d5 2. g3 g6 3. Bg2 Bg7 4. 0-0 Nf6 5. d3 0-0 6. Nbd2 Re8 7. e4 dxe4 8. dxe4 Nc6 9. Re1 Bg4 10. h3 Bxf3 11. Qxf3 Nd4 12. Qd3 Nd7 13. Nb3 c5 14. Qd1 Qb6 15. c3 Nxb3 16. Qxb3 Qxb3 17. axb3 e5 18. Rd1 Nb6 19. Be3 Bf8 20. Ra5 Rec8 21. h4 Kg7 22. Bf1 Kf6 23. Raa1 a6 24. b4 Nd7 25. b5 Kg7 26. bxa6 bxa6 27. Rxa6 Rab8 28. Ra7 Nb6 29. Ra5 Rc6 30. Rb5 Rbc8 31. Bh3 Re8 32. Bf1 h6 1-0

[Event "POL-chT3 U19 Slaska"]
[Site "Slask"]
[Date "2007.05.20"]
[Round "11.1"]
[White "Siedlinski, Piotr"]
[Black "Botor, Michal"]
[Result "1/2-1/2"]
[WhiteElo "1825"]
[BlackElo "1935"]
[PlyCount "104"]
[EventDate "2007.01.27"]
[EventType "team-tourn"]
[EventRounds "11"]
[EventCountry "POL"]
[SourceTitle "EXT 2019"]
[Source "ChessBase"]
[SourceDate "2018.10.10"]
[SourceVersion "1"]
[SourceVersionDate "2018.10.10"]
[SourceQuality "1"]
[WhiteTeam "Jaworzno JKSz MCKiS U19 II"]
[BlackTeam "Mikolow AKS U19"]
[WhiteTeamCountry "POL"]
[BlackTeamCountry "POL"]

1. e4 c5 2. Nc3 e6 3. g3 d6 4. Bg2 g6 5. d3 Bg7 6. Be3 Ne7 7. Qd2 0-0 8. Bh6 Nbc6 9. Nf3 Nd4 10. Nxd4 cxd4 11. Ne2 e5 12. h4 Kh8 13. h5 Bxh6 14. Qxh6 Ng8 15. Qd2 Be6 16. Ng1 Qf6 17. Nf3 h6 18. c4 Kg7 19. Qb4 Rad8 20. Nd2 b5 21. cxb5 Rc8 22. Nc4 Bxc4 23. dxc4 Rc5 24. hxg6 fxg6 25. 0-0 Qe6 26. b3 Nf6 27. Qd2 Qg4 28. Qd1 Qg5 29. Qc1 Qh5 30. f3 g5 31. Qd2 Rcc8 32. a4 Qg6 33. Qd3 h5 34. a5 h4 35. g4 Nd7 36. b4 Qf6 37. Qc2 Qf4 38. Qc1 Qf6 39. Rf2 Kg6 40. Rc2 h3 41. Bxh3 Qxf3 42. Bg2 Qg3 43. Qe1 Qxg4 44. Ra3 Rf4 45. b6 axb6 46. axb6 Nxb6 47. c5 dxc5 48. Ra6 Rc6 49. bxc5 Qe6 50. Rxb6 Rxb6 51. cxb6 Qxb6 52. Rd2 Qc5 1/2-1/2

[Event "POL-chT3 U19 Slaska"]
[Site "Slask"]
[Date "2007.03.17"]
[Round "6.1"]
[White "Botor, Michal"]
[Black "Walentukiewicz, Michal"]
[Result "0-1"]
[WhiteElo "1935"]
[BlackElo "2188"]
[PlyCount "58"]
[EventDate "2007.01.27"]
[EventType "team-tourn"]
[EventRounds "11"]
[EventCountry "POL"]
[SourceTitle "EXT 2019"]
[Source "ChessBase"]
[SourceDate "2018.10.10"]
[SourceVersion "1"]
[SourceVersionDate "2018.10.10"]
[SourceQuality "1"]
[WhiteTeam "Mikolow AKS U19"]
[BlackTeam "Katowice Hetman Szopienice U19"]
[WhiteTeamCountry "POL"]
[BlackTeamCountry "POL"]

1. e4 g6 2. d4 Bg7 3. Be3 c5 4. c3 cxd4 5. Bxd4 Nf6 6. e5 Ng8 7. e6 Nf6 8. exf7+ Kxf7 9. Nf3 Re8 10. Bc4+ e6 11. Nbd2 d5 12. Bb5 Bd7 13. Ne5+ Kg8 14. Nxd7 Nbxd7 15. 0-0 a6 16. Ba4 b5 17. Bb3 Nb6 18. Nf3 Nc4 19. Bxc4 bxc4 20. Re1 Rb8 21. Re2 Ne4 22. Bxg7 Kxg7 23. Qa4 Qd6 24. Rd1 Qc5 25. Nd4 Qb6 26. Qd7+ Kg8 27. Nc6 Nc5 28. Qd6 Red8 29. Ne7+ Kf7 0-1

[Event "POL-chT3 U19 Slaska"]
[Site "Slask"]
[Date "2007.02.10"]
[Round "3.1"]
[White "Reichert, Jakub"]
[Black "Botor, Michal"]
[Result "0-1"]
[WhiteElo "1800"]
[BlackElo "1935"]
[PlyCount "64"]
[EventDate "2007.01.27"]
[EventType "team-tourn"]
[EventRounds "11"]
[EventCountry "POL"]
[SourceTitle "EXT 2019"]
[Source "ChessBase"]
[SourceDate "2018.10.10"]
[SourceVersion "1"]
[SourceVersionDate "2018.10.10"]
[SourceQuality "1"]
[WhiteTeam "Tychy Jedynka U19"]
[BlackTeam "Mikolow AKS U19"]
[WhiteTeamCountry "POL"]
[BlackTeamCountry "POL"]

1. c4 e5 2. Nc3 g6 3. g3 Bg7 4. Bg2 Ne7 5. d3 0-0 6. Nf3 Nbc6 7. 0-0 h6 8. e4 f5 9. Bd2 d6 10. Qc1 g5 11. h4 g4 12. Ne1 Kh7 13. Nc2 Ng6 14. f4 exf4 15. Bxf4 Nxf4 16. Rxf4 Be5 17. Rf1 Bxg3 18. Ne2 Qxh4 19. Nxg3 Qxg3 20. Ne3 f4 21. Rf2 Ne5 22. Nf1 Qxf2+ 23. Kxf2 Nxd3+ 24. Kg1 Nxc1 25. Rxc1 f3 26. Bh1 h5 27. Kf2 Bd7 28. c5 Bc6 29. cxd6 cxd6 30. Ke3 Rae8 31. Nd2 d5 32. Rc5 Kg6 0-1

[Event "POL-chT3 U19 Slaska"]
[Site "Slask"]
[Date "2007.01.27"]
[Round "1.1"]
[White "Gola, Karol"]
[Black "Botor, Michal"]
[Result "1/2-1/2"]
[WhiteElo "2120"]
[BlackElo "1935"]
[PlyCount "89"]
[EventDate "2007.01.27"]
[EventType "team-tourn"]
[EventRounds "11"]
[EventCountry "POL"]
[SourceTitle "EXT 2019"]
[Source "ChessBase"]
[SourceDate "2018.10.10"]
[SourceVersion "1"]
[SourceVersionDate "2018.10.10"]
[SourceQuality "1"]
[WhiteTeam "Gliwice Politechnika Slaska U19 II"]
[BlackTeam "Mikolow AKS U19"]
[WhiteTeamCountry "POL"]
[BlackTeamCountry "POL"]

1. e4 c5 2. Nf3 e6 3. c3 Nc6 4. d4 cxd4 5. cxd4 d5 6. exd5 exd5 7. Nc3 a6 8. Be2 Nf6 9. 0-0 h6 10. Ne5 Bd6 11. Bf3 0-0 12. Nxd5 Nxd5 13. Bxd5 Nxe5 14. dxe5 Bxe5 15. Qf3 Qf6 16. Re1 Qxf3 17. Bxf3 Bf6 18. Re2 Be6 19. Be3 Rab8 20. Bf4 Rbd8 21. Bxb7 Rd4 22. Be3 Rb4 23. Bxa6 Ra8 24. Bd3 Rxb2 25. Rxb2 Bxb2 26. Rb1 Be5 27. Rb5 Bd6 28. Rb6 Rxa2 29. Rxd6 Ra1+ 30. Bf1 Bc4 31. h3 Rxf1+ 32. Kh2 Be6 33. Rc6 Kh7 34. Rc1 Rxc1 35. Bxc1 h5 36. Kg3 Kg6 37. Kf4 f6 38. h4 Bc8 39. f3 Bd7 40. Bb2 Bc8 41. g4 Bb7 42. Ba3 Bc8 43. Bf8 Kf7 44. Bd6 Kg6 45. Bf8 1/2-1/2

[Event "POL-chT2 U18"]
[Site "Sielpa"]
[Date "2004.??.??"]
[Round "7"]
[White "Botor, Michal"]
[Black "Piechota, Pawel"]
[Result "0-1"]
[WhiteElo "1800"]
[BlackElo "2000"]
[PlyCount "58"]
[EventDate "2004.??.??"]
[EventType "team"]
[EventRounds "11"]
[EventCountry "POL"]
[SourceTitle "EXT 2007"]
[Source "ChessBase"]
[SourceDate "2006.11.23"]
[SourceVersion "1"]
[SourceVersionDate "2006.11.23"]
[SourceQuality "1"]

1. e4 c6 2. d4 d5 3. Nc3 dxe4 4. Nxe4 Nf6 5. Nxf6+ exf6 6. Nf3 Bd6 7. Bd3 Bg4 8. 0-0 0-0 9. h3 Bh5 10. Bf5 Re8 11. Qd3 Bg6 12. c3 Nd7 13. Bxg6 hxg6 14. Bd2 Qc7 15. Rae1 c5 16. Be3 Rad8 17. dxc5 Nxc5 18. Qc4 Nd3 19. Qxc7 Bxc7 20. Re2 Bf4 21. Rd1 Bxe3 22. fxe3 Nf4 23. Red2 Rxd2 24. Rxd2 Rxe3 25. Kf2 Rd3 26. Rc2 g5 27. c4 Ne6 28. b4 Kf8 29. g3 Rxf3+ 0-1

[Event "POL-chT2 U18"]
[Site "Sielpa"]
[Date "2004.??.??"]
[Round "11"]
[White "Marcinowski, Zbigniew"]
[Black "Botor, Michal"]
[Result "1-0"]
[WhiteElo "1800"]
[BlackElo "1800"]
[PlyCount "47"]
[EventDate "2004.??.??"]
[EventType "team"]
[EventRounds "11"]
[EventCountry "POL"]
[SourceTitle "EXT 2007"]
[Source "ChessBase"]
[SourceDate "2006.11.23"]
[SourceVersion "1"]
[SourceVersionDate "2006.11.23"]
[SourceQuality "1"]

1. e4 c5 2. Nc3 Nc6 3. g3 g6 4. Bg2 Bg7 5. d3 d6 6. Be3 e6 7. Qd2 Nge7 8. Bh6 0-0 9. h4 Kh8 10. Bxg7+ Kxg7 11. h5 Ng8 12. Nf3 Nd4 13. Nxd4 cxd4 14. Ne2 e5 15. f4 f6 16. hxg6 hxg6 17. 0-0-0 Bg4 18. Rh4 Bh5 19. Rdh1 Nh6 20. f5 Bxe2 21. Qxh6+ Kf7 22. Qxg6+ Ke7 23. Rh7+ Rf7 24. Qxf7# 1-0

[Event "POL-chT2 U18"]
[Site "Sielpa"]
[Date "2004.??.??"]
[Round "1"]
[White "Ryszkiewicz, Adam"]
[Black "Botor, Michal"]
[Result "0-1"]
[WhiteElo "2000"]
[BlackElo "1800"]
[PlyCount "78"]
[EventDate "2004.??.??"]
[EventType "team"]
[EventRounds "11"]
[EventCountry "POL"]
[SourceTitle "EXT 2007"]
[Source "ChessBase"]
[SourceDate "2006.11.23"]
[SourceVersion "1"]
[SourceVersionDate "2006.11.23"]
[SourceQuality "1"]

1. e4 c5 2. Nf3 e6 3. c3 d5 4. exd5 exd5 5. Bb5+ Nc6 6. 0-0 Bd6 7. d4 c4 8. Re1+ Nge7 9. b3 cxb3 10. axb3 0-0 11. h3 Bf5 12. Ba3 Bxa3 13. Rxa3 Qd6 14. Ra2 Ng6 15. Nh2 Nf4 16. Qf3 Be4 17. Rxe4 dxe4 18. Qxe4 Rfe8 19. Qc2 Re1+ 20. Nf1 Qd5 21. Bxc6 Qxc6 22. f3 Re2 23. Nbd2 Rxg2+ 24. Kh1 Qh6 25. Qf5 Qg6 26. Qxg6 Rxg6 27. Ne4 Nxh3 28. Kh2 Ng5 29. Nfd2 Rh6+ 30. Kg3 Rh3+ 31. Kg4 f5+ 32. Kxg5 fxe4 33. Kg4 Rh2 34. fxe4 Rf8 35. e5 a6 36. Kg3 Rff2 37. Nf3 Rxa2 38. e6 Ra1 39. d5 Rh6 0-1

[Event "POL-chT2 U18"]
[Site "Sielpa"]
[Date "2004.??.??"]
[Round "8"]
[White "Siwiec, Arkadiusz"]
[Black "Botor, Michal"]
[Result "1/2-1/2"]
[WhiteElo "1800"]
[BlackElo "1800"]
[PlyCount "112"]
[EventDate "2004.??.??"]
[EventType "team"]
[EventRounds "11"]
[EventCountry "POL"]
[SourceTitle "EXT 2007"]
[Source "ChessBase"]
[SourceDate "2006.11.23"]
[SourceVersion "1"]
[SourceVersionDate "2006.11.23"]
[SourceQuality "1"]

1. d4 Nf6 2. c4 g6 3. Nc3 Bg7 4. e4 d6 5. Nf3 0-0 6. Be2 e5 7. 0-0 Nc6 8. d5 Ne7 9. Ne1 Ne8 10. Nd3 f5 11. f3 c5 12. Kh1 f4 13. b4 b6 14. a4 g5 15. bxc5 bxc5 16. Nf2 Nf6 17. a5 h5 18. h3 Bd7 19. Qc2 Qc8 20. Nb5 Qb8 21. Rb1 a6 22. Nc3 Qe8 23. Bd2 Qg6 24. Na4 Nc8 25. Nb6 Nxb6 26. Rxb6 g4 27. hxg4 hxg4 28. fxg4 Bxg4 29. Bxg4 Nxg4 30. Nxg4 Qxg4 31. Rxd6 f3 32. Be1 fxg2+ 33. Qxg2 Rxf1+ 34. Qxf1 Qxe4+ 35. Kg1 Rf8 36. Bf2 Rf5 37. Rd8+ Kf7 38. Rd7+ Kf8 39. Bxc5+ Ke8 40. Re7+ Kd8 41. Qxf5 Qxf5 42. Rxg7 Qb1+ 43. Kg2 Qc2+ 44. Kg3 Qd3+ 45. Kf2 Qd2+ 46. Kg3 Qc3+ 47. Kf2 Qb2+ 48. Ke3 Qc3+ 49. Kf2 Qb2+ 50. Ke3 Qc3+ 51. Kf2 Qxc4 52. Bb6+ Ke8 53. d6 Qc2+ 54. Ke3 Qa4 55. d7+ Qxd7 56. Rxd7 Kxd7 1/2-1/2